Zahraničná politika Slovenskej republiky po roku 2004 diplomová práca

Enregistré dans:
Détails bibliographiques
Auteur principal: Haľková, Zuzana
Collectivité auteur: Fakulta medzinárodných vzťahov EU. Katedra medzinárodných politických vzťahov
Autres auteurs: Borošová, Lucia
Format: Livre
Langue:slovaque
Publié: Bratislava 2016
Tags: Ajouter un tag
Pas de tags, Soyez le premier à ajouter un tag!

MARC

LEADER 00000nbm a2200000 4500
001 0218091
005 20170131125720.3
041 0 |a slo 
044 |a SK 
245 1 0 |a Zahraničná politika Slovenskej republiky po roku 2004  |b diplomová práca  |c Zuzana Haľková ; školiteľ: Lucia Borošová 
264 1 |a Bratislava  |c 2016 
300 |a 80 s. 
100 1 |a Haľková, Zuzana 
700 1 |a Borošová, Lucia 
710 2 |a Fakulta medzinárodných vzťahov EU. Katedra medzinárodných politických vzťahov